| 000 | 00907cab a2200265 4500 | ||
|---|---|---|---|
| 001 | ABS59073 | ||
| 008 | 090401t1998 xxu||||| |||| 00| 0 eng d | ||
| 035 | _a(Sirsi) u87397 | ||
| 041 | _aeng | ||
| 100 | _aDowden, M. | ||
| 245 | _aGuaranteed to cause disputes | ||
| 260 | _c1998 | ||
| 350 | _a0 | ||
| 490 |
_aEstates Gazette _v(9825) 20 June 1998, 162-163(2) |
||
| 520 | _aExamines whether sureties of former tenants can be required to guarantee an authorised guarantee agreement (AGA)given by a former tenant. Discusses the provisions of s25 of the Landlord and Tenant (Covenants) Act 1995. | ||
| 650 | _aAUTHORISED GUARANTEE AGREEMENTS | ||
| 650 | _aFORMER TENANTS | ||
| 650 | _aLANDLORD AND TENANT (COVENANTS) ACT 1995 | ||
| 650 | _aREVIEW | ||
| 650 | _aSURETIES | ||
| 650 |
_aValuation _96273 |
||
| 690 | _aLANDLORD AND TENANT-BUSINESS TENANCIES | ||
| 942 | _n0 | ||
| 948 | _c14/07/1998 | ||
| 999 |
_c55110 _d55110 |
||